| 000 | 00566nam a22001697a 4500 | ||
|---|---|---|---|
| 003 | NUST | ||
| 082 | _a621 | ||
| 100 |
_aKhan, Najeeb Ullah _9124084 |
||
| 245 |
_aJib control of Hardware in Loop Crane using optimal Control Technique / _c Najeeb Ullah Khan |
||
| 264 |
_aIslamabad: _b SMME- NUST. _c2014 |
||
| 300 |
_a49p.; _b Soft Copy, _c 30cm. |
||
| 500 | _aHardcover | ||
| 650 |
_aMS Mechanical Engineering _9119495 |
||
| 700 |
_aSupervisor : Dr. Mohsin Jamil _9120101 |
||
| 856 | _uhttp://10.250.8.41:8080/xmlui/handle/123456789/42110 | ||
| 942 |
_2ddc _cTHE |
||
| 999 |
_c610053 _d610053 |
||